[Event "St Petersburg-Moscow"]
[Site "St Petersburg"]
[Date "2003.05.03"]
[Round "1"]
[White "Yevseev, Denis"]
[Black "Jakovenko, Dmitrij"]
[Result "1/2-1/2"]
[WhiteElo "2580"]
[BlackElo "2562"]
[Annotator "Ribli,Z"]
[PlyCount "40"]
[EventDate "2003.05.03"]
[EventType "team"]
[EventRounds "2"]
[EventCountry "RUS"]
[SourceTitle "CBM 095"]
[Source "ChessBase"]
[SourceDate "2003.07.25"]
[SourceVersion "1"]
[SourceVersionDate "2003.07.25"]
[SourceQuality "1"]

1. d4 Nf6 2. c4 e6 3. g3 d5 4. Bg2 dxc4 5. Nf3 a6 6. O-O Nc6 7. e3 Bd7 8. Qe2
b5 9. Nc3 Nd5 $146 {[%mdl 4] Ohne 8.Qe2 Bd7 wäre dieser Springerzug eine
gewöhnliche Fortsetzung, aber in dieser konkreten Stellung stellt er -
interessanterweise - eine theoretische Neuerung dar.} (9... Bd6 10. e4 e5 (
10... Be7 11. d5 (11. Bg5 O-O 12. Rad1 Rb8 13. Rfe1 Re8 14. Ne5 $44 {1-0 Orlov,
G-Shneider,A/Podolsk 1989/EXT 97 (42)}) 11... Nb4 12. Ne5 exd5 $5 13. exd5 O-O
14. a3 Nd3 15. Nxd3 Bg4 $1 16. Qe3 cxd3 17. Qxd3 Qd7 18. Bf4 (18. Re1 Rfe8 19.
Bf4 Bd6 20. Qd4 Bxf4 21. Qxf4 Qd6 22. Qb4 Bd7 23. Ne2 Qb6 24. Nd4 a5 {0-1
Meins,G-Gustafsson,J/Dresden 2002/EXT 2003 (72)}) 18... Bd6 19. Bxd6 Qxd6 (
19... cxd6 $5 $11) 20. h3 Bd7 21. Ne4 Nxe4 22. Qxe4 $14 {1/2-1/2 Karpov,
A-Gelfand,B/Dos Hermanas 1999/CBM 71/[Ribli] (41)}) 11. dxe5 Nxe5 (11... Bxe5
12. Nxe5 Nxe5 13. f4 Nd3 14. e5 Ng4 15. h3 Nh6 16. e6 fxe6 17. Bxa8 Qxa8 18. f5
$36 {1/2-1/2 Konopka,M-Jaworski,M/CZE 1999/EXT 2000 (39)}) 12. Nxe5 Bxe5 13. f4
Bxc3 (13... Bd4+ 14. Be3 c5 15. e5 Ng4 16. Bxd4 cxd4 17. e6 Bxe6 18. f5 dxc3
19. bxc3 Qb6+ 20. Kh1 O-O 21. fxe6 Qxe6 22. Qxe6 fxe6 23. Bxa8 Rxa8 24. a4 {
1-0 Yevseev,D-Shalimov,V/St Petersburg 2002/EXT 2003 (73)}) 14. bxc3 c6 15. f5
O-O 16. Bg5 h6 17. Bh4 Qb6+ 18. Kh1 Nh7 19. Rad1 Qc7 20. e5 Rae8 {1/2-1/2
Tkachiev,V-Beliavsky,A/ Enghien-les-Bains 1999/CBM 70(35)}) 10. Nxd5 (10. e4
Nxc3 11. bxc3 Bd6 (11... Be7 12. Rd1 $44 (12. d5 Na5 $13)) 12. e5 Be7 13. Nd2
$44) 10... exd5 11. e4 Bd6 {[%mdl 256] Schwarz muss die Stellung geschlossen
halten.} (11... dxe4 $2 12. Qxe4+ Be7 (12... Ne7 13. Re1 $36) 13. Re1 $36 {
[%cal Ge1e8]} O-O $2 14. d5 $18) 12. exd5+ (12. e5 $6 Be7 $15) 12... Ne7 $13
13. b3 (13. Ne5 O-O $11) 13... cxb3 (13... c3 14. a3 O-O 15. Ne5 $13) 14. axb3
O-O 15. Ne5 Bc8 16. Bb2 (16. Bd2 $5 $13 {[%cal Gd2a5] Auf diese Weise kann
Weiss den Vormarsch des a-Bauern verhindern.}) 16... a5 {[%cal Ga5a4]} 17. Rfc1
(17. Qxb5 $2 Ba6 18. Qxa5 Bxf1 19. Qxa8 Qxa8 20. Rxa8 Rxa8 21. Kxf1 (21. Bxf1
Ra2 (21... Nxd5 $17) 22. Nc4 Nxd5 $17) 21... Rb8 $17) 17... a4 18. bxa4 (18.
Qxb5 $6 a3 19. Bc3 Ba6 20. Qd7 Qb8 $1 (20... Qxd7 21. Nxd7 Rfd8 22. Nc5 Bb5 23.
Bb4 $16) 21. Qg4 Qxb3 $36) 18... bxa4 19. Nc4 Bb7 20. Nxd6 cxd6 $11 {Die
Bauern auf a4 und auf d5 sind beiderseitig schwach, so dass die Partie hier
Remis gegeben wurde.} (20... cxd6 21. Qc4 (21. Qb5 Bxd5 $5 (21... Rb8 22. Qxa4
Bxd5 $11) 22. Bxd5 (22. Rxa4 Rb8 23. Qe2 Qd7 24. Rca1 Rfe8 $11 (24... Bxg2 25.
Kxg2 Qb7+ 26. Kg1 Qxb2 (26... Nf5 27. Bc3 $11) 27. Qxe7 $11)) 22... Ra5 (22...
Rb8 $4 23. Bb7 $18) 23. Bxf7+ Rxf7 24. Qb4 Nd5 25. Qc4 (25. Rc8 Qxc8 (25...
Nxb4 $2 26. Rxd8+ Rf8 27. Rxf8+ Kxf8 28. Bc3 Rb5 29. Rb1 Nd5 30. Rxb5 Nxc3 31.
Ra5 $18) 26. Qxa5 Qf5 $36) 25... Qf6 $36) 21... Re8 22. Rxa4 Rxa4 23. Qxa4 Bxd5
$11) 1/2-1/2

[Event "Bundesliga 0304"]
[Site "Germany"]
[Date "2004.03.28"]
[Round "13.3"]
[White "Krasenkow, Michal"]
[Black "Smagin, Sergey"]
[Result "1-0"]
[WhiteElo "2597"]
[BlackElo "2570"]
[Annotator "Ribli,Z"]
[PlyCount "41"]
[EventDate "2003.11.01"]
[EventType "team-tourn"]
[EventRounds "15"]
[EventCountry "GER"]
[SourceTitle "CBM 100"]
[Source "ChessBase"]
[SourceDate "2004.06.01"]
[SourceVersion "1"]
[SourceVersionDate "2004.06.01"]
[SourceQuality "1"]
[WhiteTeam "Baden Oos"]
[BlackTeam "Katernberg"]
[WhiteTeamCountry "GER"]
[BlackTeamCountry "GER"]

1. Nf3 d5 2. d4 Nf6 3. c4 e6 4. g3 dxc4 5. Bg2 c5 6. O-O Nc6 {Das ist die
sogenannte klassische Variante gegen die Katalanische Verteidigung.
Interessanterweise wird dieses Abspiel heutzutage weniger gespielt. Die
schwarze Strategie ist einfach - er möchte die Entwicklung beenden und das
Spiel ausgleichen.} 7. Ne5 {Statt dieses Springerzugs ist 7.Qa4 die andere
Variante.} Nd5 $6 {Dieser Zug ist ein seltener Gast im Turnierpraxis,
gewöhnlich spielt man 7...Bd7.} 8. Nxc6 bxc6 9. Na3 $5 {Weiß hat eine schnelle
Entwicklung und die schwarze Bauernstruktur ist schwach.} c3 {Dieser Zug führt
zu großem taktischen Kampf, die Alternative 9...Ba6 scheint mir sicherer.} (
9... Ba6 10. Qa4 Qc8 $5 (10... Qb6) 11. Nxc4 cxd4 $2 (11... Bb5 $5 12. Qc2 cxd4
$13) 12. Ne5 Bd6 13. Nxc6 O-O 14. Bxd5 $1 exd5 15. Bf4 $1 Bb7 16. Rac1 Qd7 17.
Bxd6 Qxd6 18. Nxd4 $16 {1-0 Cosma,I-Florescu,C/ROM-ch Bucuresti 1998/CBM 69/
[Ribli] (34)}) 10. e4 (10. bxc3 Nxc3 11. Qc2 cxd4 12. Bxc6+ Bd7 13. Bxa8 Qxa8
$44) 10... Nb6 $6 {Dieser Zug ist noch nicht schlecht, aber er scheint mir
weniger logisch, besonders nach 9...c3. Im folgenden bekommt Weiß eine starke
Zentrumstellung, ohne Risiko. Es wäre besser nach 10...cxb2! mit einem Bauern
mehr weiterzuspielen.} (10... cxb2 $1 11. Bxb2 Nb4 {[%cal Gc8a6,Ga6f1]} 12. e5
Ba6 (12... Nd5 13. dxc5 $13) 13. Qa4 Bxf1 (13... Qb6) 14. Bxc6+ Nxc6 15. Qxc6+
Ke7 16. Qb7+ Ke8 17. Qc6+ $11) 11. bxc3 $14 Ba6 12. e5 {[%csl Gg2][%cal Rg2c6,
Rc6e8,Rc6a8]} (12. Re1 cxd4 13. cxd4 Bb4 14. Re3 c5 15. Rb3 O-O $11) 12... Rc8
(12... Nd5 13. c4 Nb4 14. Rb1 $16) 13. Re1 cxd4 14. cxd4 c5 $6 (14... Bb4 $142
15. Re4 O-O 16. Nc2 Bc3 17. Rb1 c5 18. Ba3 $44) 15. d5 $1 exd5 (15... Nxd5 16.
Qa4+ $18 {[%cal Ra4a6,Ra4e8]}) 16. e6 $44 {[%mdl 128] Weiß hat eine große
Initiative und der schwarze König steht unsicher in der Mitte.} Be7 (16... f6
17. Rb1 Bd6 (17... Be7 18. Qh5+ g6 19. Qh6 $36) 18. Bxd5 Be7 19. Be4 Qxd1 20.
Rxd1 $14) 17. exf7+ Kxf7 18. Rb1 {[%cal Gb1b6]} Bf6 $2 (18... Bb7 19. Qh5+ (19.
Qg4 $44) 19... g6 20. Qh3 $44) {[#]} 19. Rxb6 $3 {[%mdl 512] Mit diesem
ausgezeichneten Zug vernichtet Weiß die Unterstützung des d5-Bauern.} axb6 (
19... Qxb6 20. Bxd5+ Kf8 21. Qh5 Qc7 22. Bf4 $18) 20. Qh5+ Kf8 21. Bxd5 $18 {
[%csl Gd5,Ge1,Rf8,Gh5][%cal Ge1e8]} (21. Bxd5 Rc7 22. Bf4 g6 (22... g5 23. Qh6+
Rg7 24. Bc7 $18) 23. Bh6+ Rg7 24. Qf3 $18) 1-0

[Event "YUG-ch 57th"]
[Site "Banja Koviljaca"]
[Date "2002.03.21"]
[Round "6"]
[White "Blagojevic, Dragisa"]
[Black "Ostojic, Nikola"]
[Result "1-0"]
[WhiteElo "2508"]
[BlackElo "2475"]
[Annotator "Ribli,Z"]
[PlyCount "75"]
[EventDate "2002.03.16"]
[EventType "tourn"]
[EventRounds "13"]
[EventCountry "YUG"]
[EventCategory "10"]
[SourceTitle "CBM 089"]
[Source "ChessBase"]
[SourceDate "2002.08.12"]
[SourceVersion "1"]
[SourceVersionDate "2002.08.12"]
[SourceQuality "1"]

1. d4 Nf6 2. c4 e6 3. g3 d5 4. Nf3 dxc4 {Das ist eine Hauptfortsetzung, in
letzter Zeit spielt man aber häufiger 4...Be7.} 5. Bg2 a6 {Im Falle von 6.0-0
kann Schwarz entweder 6...b5 ziehen und den Pc4 verteidigen oder aber 6...Nc6
und erst später b7-b5 spielen.} 6. Ne5 {Dieser Zug ist logisch - Weiß möchte
den Pc4 sofort zurückgewinnen. 6.0-0 wird allerdings häufiger gespielt.} c5 (
6... Bb4+ 7. Nc3 Nd5 8. Bd2 b5 $13) 7. Be3 Nd5 8. dxc5 {Die Stellung ist
materiell ausgeglichen, und die Bauern auf c4 und c5 sind gleichermaßen
schwach.} (8. O-O $2 Nd7 9. Nxc4 b5 10. Ncd2 Nxe3 11. fxe3 Rb8 $17) 8... f6 {
Der Textzug ist nicht schlecht, aber die Alternativen kommen auch in Betracht.}
(8... Nxe3 9. Qxd8+ Kxd8 10. fxe3 Ke8 11. c6 bxc6 12. Nxc4 Ra7 13. Nc3 f6 14.
Kf2 e5 15. Rhc1 Rc7 16. Na5 Kd8 {1/2-1/2 Cosma,I-Oms Pallise,J/Balaguer 2001/
EXT 2002 (31)}) (8... Nd7 $5 9. Bd4 Nxe5 10. Bxe5 Bxc5 (10... f6) 11. Bxg7 Rg8
12. Be5 (12. Bc3 b5 13. Bd4 Qb6 14. Bxc5 Qxc5 15. Nc3 Bb7 16. Nxd5 Bxd5 17.
Bxd5 Rd8 18. O-O Rxd5 {1/2-1/2 Salov,V-Portisch,L/Brussels 1988/CBM 07 (54)})
12... Qg5 13. f4 (13. Bd4 Bxd4 14. Qxd4 Qc1+ 15. Qd1 Qxb2 16. Nd2 b5 17. O-O
Bb7 18. Nxc4 Qb4 19. Nb6 Rd8 20. Nxd5 Bxd5 {1/2-1/2 Vasiljevic,B-Novikov,I/
Tuzla 1989/EXT 98 (20)}) 13... Qd8 14. Bxd5 Qxd5 15. Qxd5 exd5 {1/2-1/2 Tratar,
M-Petrosian,A/Ljubljana 1995/EXT 98 (15)}) 9. Nxc4 Nxe3 10. Qxd8+ Kxd8 11. fxe3
Bxc5 {[%csl Gg2][%cal Gg2a8] Wir haben eine dynamische Stellung vor uns -
Schwarz hat das Läuferpaar und Weiß einen Doppelbauern auf der e-Linie. Dafür
ist der Bg2 stark, und der schwarze König steht etwas unsicher auf d8.} 12. Nc3
Kc7 $6 {Schwarz möchte seine Königsstellung verbessern, aber auf der c - Linie
steht der König unsicher. Die alternative Fortsetzung 12...Ra7 wäre besser.} (
12... Ra7 $142 13. Ne4 Bb4+ 14. Kf2 b5 $11 15. a3 bxc4 16. axb4 Nc6 17. b5 axb5
18. Nd6 Ke7 19. Nxb5 Rxa1 20. Rxa1 Ne5 {1/2-1/2 Beliavsky,A-Csom,I/Vilnius
1978/MCD (32)}) 13. Na4 Ba7 (13... Bb4+ 14. Kf2 $14 {[%cal Ga1c1,Gc1c8]
Schwarz muss nun mit Rac1 nebst Nab6 oder Ncb6 rechnen.}) 14. Rc1 $14 {[%csl
Rc7]} Nc6 15. Kf2 {Auf den ersten Blick scheint Weiß aufgrund des Doppelbauern
schlecht zu stehen. Tatsächlich aber hat er positionellen Druck am Damenflügel.
} Bd7 (15... Rd8) 16. Na5 Rac8 17. Rhd1 {[%csl Ga4,Ga5,Gc1,Gd1,Gg2][%cal Gc1c7,
Gd1d7] Droht 18.Nxb7 mit Bauerngewinn. Alle weißen Figuren stehen aktiv.} (17.
Nxc6 $6 Bxc6 18. Bxc6 bxc6 $11) 17... Rhd8 18. Rd3 {[%cal Gd3b3,Gb3b7]} Be8 (
18... Kb8 19. Bxc6 bxc6 (19... Bxc6 20. Rxd8 Rxd8 21. Rxc6 (21. Nxc6+ bxc6 22.
Rxc6 $16) 21... bxc6 22. Nxc6+ Kc7 23. Nxd8 Kxd8 $16) 20. Rb3+ Ka8 21. Nb6+ (
21. Nb7 Rf8 22. Nbc5 $16) 21... Bxb6 22. Rxb6 Ka7 23. Rb7+ Ka8 24. Rd1 $16) 19.
Rb3 Rb8 {[#]} 20. Rxb7+ $1 {[%mdl 64] Mit diesem schönen vorübergehenden Opfer
gewinnt Weiß Material.} Rxb7 21. Bxc6 Bxc6 22. Rxc6+ Kb8 (22... Kd7 23. Nxb7
$18) 23. Nxb7 Kxb7 24. Rxe6 $16 {[%mdl 4096] Weiß hat schon zwei Mehrbauern,
aber die Realisierung des Materialvorteils ist nicht ganz leicht.} Rd7 25. g4 (
25. Kf3 $16) 25... Rc7 26. Kf3 a5 27. Nc3 {[%cal Gc3b5,Gc3d5]} Bb8 (27... Rd7
$16) 28. h3 Rf7 (28... Rd7) 29. Nd5 Be5 30. b3 Rd7 31. e4 $18 {In der weißen
Stellung ist alles verteidigt - Schwarz bleibt nichts übrig als abzuwarten.} h6
32. h4 Bd4 33. h5 {[%csl Ge4,Gg4,Gh5] Weiß legt die schwarzen Bauern am
Königsflügel fest - der Pg7 ist eine potentielle Schwäche.} Rd8 34. Re7+ {
[%cal Re7b7,Re7g7]} Kb8 35. e3 (35. Rxg7 $18) 35... Be5 36. Rxg7 Rc8 (36... f5
37. Rg6 $18) 37. Nb6 (37. Rh7 $18) 37... Rc2 38. Nd7+ (38. Nd7+ Kc8 39. Nxe5
fxe5 40. g5 $18) 1-0

[Event "Bundesliga 0304"]
[Site "Germany"]
[Date "2004.03.27"]
[Round "12.3"]
[White "Beliavsky, Alexander G"]
[Black "Krasenkow, Michal"]
[Result "1/2-1/2"]
[WhiteElo "2667"]
[BlackElo "2597"]
[Annotator "Ribli,Z"]
[PlyCount "72"]
[EventDate "2003.11.01"]
[EventType "team-tourn"]
[EventRounds "15"]
[EventCountry "GER"]
[SourceTitle "CBM 100"]
[Source "ChessBase"]
[SourceDate "2004.06.01"]
[SourceVersion "1"]
[SourceVersionDate "2004.06.01"]
[SourceQuality "1"]
[WhiteTeam "Porz"]
[BlackTeam "Baden Oos"]
[WhiteTeamCountry "GER"]
[BlackTeamCountry "GER"]

1. d4 d5 2. c4 e6 3. Nf3 Nf6 4. g3 {Großmeister Beliavsky spielt gerne die
Katalanische Eröffnung.} dxc4 5. Bg2 Nc6 {Das ist eine sehr populäre Variante.}
6. Qa4 {Dieser Damezug hat selbständige Bedeutung und ist die beste
Fortsetzung für Weiß. Nach 6.0-0 kann Schwarz mit 6...a6 in der Variante 5...
a6 6.0-0 Nc6 übergehen oder 6...Rb8 ziehen und sich den Zug a7-a6 sparen.} Bb4+
7. Bd2 Bd6 {Dieser Zug wurde zuerst in der Partie Karpov,A - Kramnik,V, Wijk
aan Zee 1998, gespielt. Die Idee des Läuferzuges besteht darin, e6-e5
vorzubereiten. Die andere Möglichkeit für Schwarz ist 7...Nd5.} 8. Qxc4 O-O 9.
Bc3 (9. O-O e5 10. dxe5 (10. Nc3 $2 Nxd4 11. Nxd4 exd4 12. Qxd4 Bxg3 $1 $17 {
[%csl Rd2][%cal Rd8d2]}) 10... Nxe5 11. Nxe5 Bxe5 12. Bc3 Qe7 $11) 9... Qe7 10.
O-O (10. Ne5 Bxe5 11. dxe5 Nd5 (11... Nd5 {1/2-1/2 Gleizerov,E-Georgiev,V/
Geneve 2004/CBM 98 ext (11)}) 12. O-O (12. Nd2 Rd8 13. Rc1 a5 $1 $11 14. O-O
Bd7 15. Nf3 Nxc3 16. Qxc3 Be8 17. a3 a4 {0-1 Avrukh,B-Aleksandrov,A/Halkidiki
2002/CBM 92/[Ribli] (37)}) 12... Nxc3 (12... Rd8 13. Rd1 (13. Na3 Nxc3 14. Qxc3
Bd7 15. Nc2 Be8 16. b4 a5 17. a3 axb4 18. axb4 Rxa1 19. Rxa1 Rb8 20. Be4 {
1/2-1/2 Anand,V-Kramnik,V/Frankfurt 1998/CBM 65 ext (40)}) 13... Bd7 14. Nd2
Nxc3 15. Qxc3 Be8 16. Nb3 Rxd1+ 17. Rxd1 Rd8 18. Rc1 f6 19. exf6 Qxf6 20. Qxf6
gxf6 21. f4 Kf7 22. Kf2 Ke7 23. Nc5 {1-0 Wojtkiewicz,A-Goldin,A/Oak Bridge, IL
USA 2000/(62)}) 13. Qxc3 Bd7 14. Nd2 Rfd8 15. Nb3 Be8 16. e3 a5 17. Nc5 Ra7 18.
Rfd1 h6 19. Nxb7 Rxb7 20. Bxc6 Bxc6 21. Qxc6 Rxb2 22. Qa4 Ra8 23. Qc6 Rd8 24.
Qa4 Ra8 25. Qc6 Rd8 {1/2-1/2 Schmidt,P-Luther,T/BL 1998 (25)}) 10... Rd8 {
Mit diesem Zug kompliziert Schwarz das Spiel. Nach meiner Meinung bietet 10...
e5 Schwarz gute Ausgleichschancen.} (10... e5 11. dxe5 (11. d5 Nb4 12. Bxb4
Bxb4 13. Nxe5 Qxe5 14. Qxb4 Nxd5 15. Qd2 $11) 11... Nxe5 12. Nxe5 Bxe5 13. Bxe5
(13. Bb4 Bd6 (13... Qe6 14. Qxe6 Bxe6 15. Bc3 Bxc3 16. Nxc3 c6 $11) 14. Bxd6
Qxd6 15. Nc3 c6 $11) 13... Qxe5 14. Nc3 c6 15. Rfd1 $11 {Diese Variante wurde
schon in der Stammpartie Karpov,A - Kramnik, V, Wijk aan zee gespielt.}) 11.
Nbd2 {[%cal Ge2e4]} Nd5 (11... e5 12. dxe5 (12. d5 Nb4 13. e4 c6 $11) 12...
Nxe5 13. Qb3 $11 (13. Nxe5 Bxe5 14. Nf3 Bxc3 (14... Be6 $15) 15. Qxc3 $11)) 12.
Rfd1 (12. e4 Nxc3 13. bxc3 e5 $11) 12... Nb6 (12... Nxc3 13. Qxc3 $14 e5 $6 14.
dxe5 Nxe5 15. Ne4 $36) 13. Qb3 (13. Qd3 e5 $11 {[%cal Gd8d1]}) 13... Bd7 14.
Ne4 $14 {Weiß kontrolliert mehr Raum und er hat einen kleinen, aber
dauerhaften Vorteil.} (14. e4 $5 $14) 14... Be8 15. Rac1 f6 $1 $132 {[%cal
Ge8f7,Gf7b3,Ge6e5][%mdl 32] Diese - auf den ersten Blick - sonderbare
Fortsetzung bietet Schwarz die Möglichkeit Bf7 zu spielen und später eventuell
e6-e5 durchzuführen.} 16. Nc5 {Mit diesem Zug opfert Weiß zeitweilig einen
Bauern und möchte die Stellung öffnen.} (16. Nxd6 cxd6 $11 {[%cal Gd6d5]}) (16.
Qc2 Nd5 $11 (16... Bg6 $5)) 16... Bxc5 17. dxc5 Rxd1+ 18. Rxd1 Qxc5 19. Bh3 {
[%csl Re6]} (19. Qxe6+ $6 Bf7 20. Qg4 Bxa2 (20... h5 $15) 21. Bxf6 $14) 19...
Nd8 (19... Bf7 20. Bxe6 Qe7 21. Bxf7+ Qxf7 22. Qxf7+ Kxf7 23. b3 $11) 20. Bb4 (
20. Bxe6+ $6 Nxe6 21. Qxe6+ Bf7 {[%cal Rf7a2]} 22. Qg4 Qc4 $17) 20... Qh5 21.
Bxe6+ Nxe6 22. Qxe6+ Bf7 23. Qe4 Bd5 (23... Bxa2 $5 24. Qxb7 Qb5 $36) 24. Qf4
Re8 $15 {[%csl Gd5,Ge8,Gh5][%mdl 2048] Schwarz hat aktives Figurenspiel und
seine Kontrolle über die weißen Felder ist stark.} (24... Bxa2 $5 25. Qxc7 Bd5
26. Bc5 $13) (24... c5 $5 $36 25. Bxc5 $4 Bxf3 $19) 25. Nd4 c6 $6 (25... Qh3 $1
26. f3 Bxa2 27. e4 $44 (27. b3 Nd5 $19 {[%cal Rd5b4,Rd5f4]})) 26. b3 Be4 {
[%cal Rb6d5,Rd5f4,Rd5b4] Mit diesem Zug befreit Schwarz das Feld für den
b6-Springer.} 27. g4 Qe5 (27... Nd5 $142 28. Qg3 (28. Qxe4 Rxe4 29. gxh5 Nxb4
30. Nf5 Nd5 31. Ng3 Re7 $15) 28... Qe5 29. Be1 $11 (29. Bd6 Qxg3+ 30. Bxg3 Nc3
$17)) 28. Bd6 Qxf4 (28... Qa5) 29. Bxf4 Rd8 $11 30. Rd2 Bb1 31. a3 c5 32. Nb5
Rxd2 33. Bxd2 Bc2 34. Be3 (34. Nd6 Bxb3 35. Nxb7 c4 36. Nc5 $11) 34... Bxb3 35.
Bxc5 Bc4 36. Bxb6 (36. Nxa7 Nd7 37. Bd4 Bxe2 38. h3 $11) 36... Bxb5 (36... Bxb5
37. Bxa7 Bxe2 38. h3 $11) 1/2-1/2

[Event "Montreal 3rd"]
[Site "Montreal"]
[Date "2002.07.29"]
[Round "5"]
[White "Ftacnik, Lubomir"]
[Black "Barsov, Alexei"]
[Result "1/2-1/2"]
[WhiteElo "2602"]
[BlackElo "2550"]
[Annotator "Ribli,Z"]
[PlyCount "85"]
[EventDate "2002.07.25"]
[EventType "tourn"]
[EventRounds "11"]
[EventCountry "CAN"]
[EventCategory "11"]
[SourceTitle "CBM 091"]
[Source "ChessBase"]
[SourceDate "2002.11.12"]
[SourceVersion "1"]
[SourceVersionDate "2002.11.12"]
[SourceQuality "1"]

1. c4 e6 2. Nf3 d5 3. d4 Nf6 4. g3 dxc4 5. Bg2 a6 {Dieser Zug und 5...Nc6 sind
sehr populär gegen die Katalanische Eroeffnung.} 6. O-O Nc6 {Der Springerzug
ist in der letzten Zeit oft gespielt worden. Nach 6...b5 7.Ne5 Nd5 8.a4 haben
wir eine theoretische Variante, in der Weiß die Initiative für den Bauern hat.}
7. e3 Bd7 8. Nc3 (8. Qe2 b5 9. Rd1 Be7 10. e4 (10. Nc3 Nd5 11. e4 Nxc3 12. bxc3
$44) 10... O-O 11. Nc3 h6 12. d5 exd5 13. e5 Re8 14. exf6 Bxf6 15. Qf1 d4 16.
Nd5 d3 {0-1 Nikolaidis,I-Barsov,A/Patras 2001/CBM 83 ext (38)}) 8... Bd6 {
Nach diesem Läuferzug muss Schwarz mit e3-e4 rechnen, aber in diesem Fall kann
e6-e5 folgen.} (8... Rb8) 9. Qe2 b5 10. e4 e5 11. dxe5 Nxe5 (11... Bxe5 12.
Nxe5 Nxe5 13. f4 Nd3 14. e5 Ng4 15. h3 Nh6 16. e6 fxe6 17. Bxa8 Qxa8 18. f5 e5
19. Bxh6 gxh6 20. Qh5+ Kd8 21. Qxh6 {1/2-1/2 Konopka,M-Jaworski,M/CZE 1999/EXT
2000 (39)}) 12. Nxe5 Bxe5 13. f4 Bxc3 (13... Bd4+ $2 {Mit diesem Schach
Schwarz hilft nur den Gegner.} 14. Be3 $16 Bc6 15. e5 Bxg2 16. Kxg2 Bxe3 17.
exf6 Qd2 18. Rf2 $1 {1-0 Khalifman,A-Basin,L/Minsk 1985/MCD-ch (23)}) 14. bxc3
c6 {Um im Falle von 15.e5 Nd5 zu ziehen.} 15. f5 (15. Be3 O-O 16. Bd4 Re8 17.
e5 Rc8 18. Qc2 c5 19. Bf2 Ng4 20. Rad1 Rc7 21. Rd6 Qc8 22. Be4 g6 23. Rfd1 Bc6
24. Bxc6 Rxc6 25. Qe4 Rxd6 26. Rxd6 h5 {1/2-1/2 Janssen,R-Barsov,A/NED 2001/
EXT 2002 (38)}) (15. e5 Nd5 $15) (15. Ba3 $44) 15... O-O 16. Bg5 h6 17. Bh4 {
[%cal Gh4d8]} Qe7 {[%cal Ge7e2] Mit diesem interessantem Zug möchte Schwarz im
Falle von späterem e4-e5 die gegnerische Dame fesseln.} (17... Qb6+ 18. Kh1 Nh7
19. Rad1 Qc7 20. e5 Rae8 21. Qd2 Bc8 22. Qd6 Qxd6 23. exd6 g5 $1 24. fxg6 fxg6
25. Bxc6 (25. Rxf8+ Nxf8 $11) (25. d7 Bxd7 26. Rxd7 Rxf1+ 27. Bxf1 g5 $17)
25... g5 $5 {1/2-1/2 Tkachiev,V-Beliavsky,A/Enghien les Bains 1999/CBM 70/
[Ribli] (35)}) (17... Re8 18. Rad1 $44 (18. e5 $6 Qb6+ 19. Kh1 Nd5 $15)) 18.
Rad1 $5 $44 {[%cal Gd1d7][%mdl 4] Weiß hat das Läuferpaar und die Initiative
im Zentrum - das ist ein ausreichender Ersatz für den Bauern.} (18. e5 {
Wegen der Fesselung auf der e-Linie droht noch nichts Konkretes.} Qc5+ (18...
Rfe8) 19. Kh1 Nd5 $13) 18... Rad8 {Schwarz muss den d7-Läufer unterstützen -
der Nachteil des Zuges ist, dass der Turm in der Diagonale des h4-Läufers
steht.} (18... Bc8 $6 19. Bxf6 gxf6 (19... Qxf6 20. e5 $44) 20. Rf4 $16 {
[%cal Gf4h4]}) 19. e5 Bc8 (19... Rfe8 20. Rd4 {[%cal Gf1d1,Gd1d8]} Qxe5 21.
Qxe5 Rxe5 22. Bxf6 gxf6 23. Bxc6 $16 (23. Rfd1 Re7 24. Bxc6 $16)) 20. Rde1 {
Es scheint, dass Weiß ein Tempo verloren hat, aber in Wirklichkeit steht der
Rd8 weniger gut als vorher.} Qc5+ 21. Qf2 {Nach diesem Zug gewinnt Weiß
eigentlich den Bauern zurück, aber der Königszug kommt auch in Betracht.} (21.
Kh1 $5 Rde8 (21... Nd5 22. Bxd8 Rxd8 23. Qd2 $16) 22. Bxf6 gxf6 23. Qg4+ Kh7
24. exf6 Rg8 25. Qf4 Rxe1 26. Rxe1 $36 Qxf5 $4 (26... Bxf5 27. Re5 $18) 27. Be4
$18) 21... Qxf2+ 22. Rxf2 Rde8 {[%cal Ge8e1]} 23. Bxc6 $14 Bd7 24. Bf3 (24. Bg2
Ng4 25. Rfe2 Bxf5 26. h3 g5 $15) (24. Bxd7 Nxd7 25. Rfe2 Nc5 $15 {[%cal Gc5d3]}
) 24... Bxf5 25. Bc6 (25. Bxf6 gxf6 26. Bc6 Re6 (26... Rc8 27. Bb7 Rb8 28. Rxf5
Rxb7 29. Rxf6 $16 {[%cal Rf6a6,Rf6h6]}) 27. Bd7 (27. Bd5 Rd8 28. Bxe6 Bxe6 29.
Rxf6 Rd3 $44) 27... fxe5 28. Rxf5 Rd6 $11) 25... Bd7 26. Rxf6 Bxc6 (26... gxf6
27. Bxd7 Rxe5) 27. Rxc6 g5 {Mit diesem Zug gewinnt Schwarz die Figur zurück.}
28. Rxh6 gxh4 29. Rxh4 {[%mdl 4096] Weiß hat einen Bauern mehr, aber im
Turmendspiel muss man immer mit einer hohen Remiswahrscheinlichkeit rechnen.} (
29. Rxa6 Ra8 30. Rxa8 Rxa8 31. Re2 hxg3 32. hxg3 Ra3 33. Rc2 Kg7 $14) 29... Re6
{[%csl Ge6] Der Turm steht gut auf e6 - im folgenden kann Schwarz dann auf der
e-Linie verdoppeln und den e5-Bauern angreifen.} 30. Rg4+ Kh7 31. Kf2 Rfe8 32.
Rf4 (32. Rge4 f6 $11) (32. Rg5 f6 $11) 32... Kg6 33. Rd4 Rxe5 34. Rxe5 Rxe5 35.
Rd6+ Kf5 (35... Re6 $2 36. Rxe6+ fxe6 37. h4 $18) 36. Rxa6 Rd5 $44 {[%csl Gd5,
Gf5] Die schwarze Figuren stehen aktiv - er hat ausreichende Kompensation für
den Bauern.} 37. Ke2 Rd3 38. Ra5 (38. Ra3 Ke4 $11 (38... Kg4 $11)) 38... Ke4 {
[%csl Gd3,Ge4]} 39. Rxb5 Rxc3 40. Rb2 Ra3 41. Kd1 c3 42. Rf2 Ke3 43. Rxf7 (43.
Rxf7 Rxa2 $11) 1/2-1/2